000 01046nam a22003257a 4500
003 CHAP
005 20220329140440.0
008 971013s1980 r 00010 d
010 _a52125
011 _a53097
035 _a57247
040 _cCHAP
082 _a576
_bW5m 1980
100 0 0 _aWistreich, George A.
_9122344
245 _aLaboratory exercises in microbiology
250 _a4 ed.
260 _aEncino, Cal. :
_bGlencoe,
_c1980
300 _a420 p.
_b: ilus.
590 _aBATCH-UPD
_b10
_c20130110
_lUCH01
_h0123
590 _aBATCH-UPD
_b10
_c20130110
_lUCH01
_h0639
590 _aBATCH-UPD
_b10
_c20130409
_lUCH01
_h2117
590 _aBATCH-UPD
_b10
_c20130914
_lUCH01
_h1718
590 _aCONVERSION
_b10
_c20130109
_lUCH01
_h1328
650 1 4 _aMicrobiologĂ­a
_xManuales de laboratorio.
_975495
700 0 _aLechtman, Max D.
_965451
901 _aBK
942 _cLIBRO
949 _a576 W5m 1980
_bBC
_cLIBRO
_d33724000429395
_eLIBRO
_fc.2
_h75152
_i57247
_si
949 _a576 W5m 1980
_bBC
_cLIBRO
_d33724000429403
_eLIBRO
_h75151
_i57247
_si
999 _c52125
_d52125